00807nam a2200193Ia 4500001001000000003000500010008004100015010001100056040000900067100003200076245022600108260003400334300001000368502008900378650002900467650001600496650005100512710005000563Para_8730CHAP220125s2003 xx 000 0 und d a205258 cCHAP aAguilar Rodríguez, Arturo aNematodo dorado de la papa (Glodobera rostochiensis Wollenber, 1923; Behrens, 1975) identificación y evaluación de productos antinematodos en el municipio de Emiliano Zapata Tlaxcala /c por Arturo Aguilar Rodríguez aChapingo, Méx. :b el autor a93 h. aTesis (M.C. Esp. Protección Vegetal) UACh. Departamento Parasitología Agrícola aGlobodera rostochiensis  aNematicidas aNemátodos parásitos de plantas x control  aUACh. Departamento Parasitología Agrícola